=LDR 00000nam 2200000 4500 =001 INLIS000000000003515 =005 20250317094301 =035 ##$$a 0010-0325000231 =007 ta =008 250317################g##########e#ind## =020 ##$$a 978-602-1564-12-7 =082 ##$$a 304.607 =084 ##$$a 304.607 WEN a =100 #$$a Wendy Savitri =245 1#$$a Aku Sayang Nenek dan Kakek ku /$c BKKBN =260 ##$$a Jakarta :$b BKKBN,$c 2014 =300 ##$$a 20 halm : $b ilus ; $c 21 cm =650 #4$$a Keluarga Berencana =700 #$$a Widayatri Sekka Udaranti =520 ##$$a Berisikan penjelasan tentang proses penuaan serta lansia tangguh =856 ##$$a Pepustakaan UPT Balai Diklat KKB Jember